Maido marang Pangeran. (Record no. 84782)

MARC details
000 -LEADER
fixed length control field 00537cam a22002171 4500
001 - CONTROL NUMBER
control field sa 68012848
003 - CONTROL NUMBER IDENTIFIER
control field DLC
005 - DATE AND TIME OF LATEST TRANSACTION
control field 20260227112616.0
008 - FIXED-LENGTH DATA ELEMENTS--GENERAL INFORMATION
fixed length control field 940329s1966 io 000 1 jav
010 ## - LIBRARY OF CONGRESS CONTROL NUMBER
LC control number sa 68012848
035 ## - SYSTEM CONTROL NUMBER
System control number (OCoLC)30051930
040 ## - CATALOGING SOURCE
Original cataloging agency DLC
Transcribing agency CU
Modifying agency DLC
042 ## - AUTHENTICATION CODE
Authentication code premarc
050 00 - LIBRARY OF CONGRESS CALL NUMBER
Classification number PL5179.W5
Item number M3
100 1# - MAIN ENTRY--PERSONAL NAME
Personal name Widajat, Widi.
245 10 - TITLE STATEMENT
Title Maido marang Pangeran.
Statement of responsibility, etc. Gambar: S. Har.
250 ## - EDITION STATEMENT
Edition statement Tjaptjapan 1.
260 ## - PUBLICATION, DISTRIBUTION, ETC.
Place of publication, distribution, etc. Semarang,
Name of publisher, distributor, etc. "Dawud,"
Date of publication, distribution, etc. 1966.
300 ## - PHYSICAL DESCRIPTION
Extent 38 p.
Dimensions 15 cm.
500 ## - GENERAL NOTE
General note A novel.

No items available.

Powered by Koha